Riconosci la Squadra di calcio - Quiz n°42 - Statistics

Statistiche generali
  • Questo quiz è stato fatto 23 volte
  • Il punteggio medio è 7 su 13
Statistiche sulle risposte
Indizio Risposta % Corretto
Colori sociali Rosso
95%
Titoli nazionali 1 campionato di Serie B
89%
Simboli Alabarda
84%
Divisione nazionale 2023-2024 Terza
79%
Fondazione 1919
47%
Rifondazione 1994
47%
Trofei internazionali 1 Coppa Anglo-Italiana
47%
Trofei nazionali 1 Coppe Italia Serie C/Lega Pro
47%
Rifondazione 2012
47%
Rifondazione 2016
47%
Capienza Stadio 26 566 posti
42%
Confederazione UEFA
42%
Squadra Triestina
32%
Nessun quiz corrispondente trovato
Distribuzione punteggi
Percentuale di utenti per punteggio
Percentile per numero di risposta
I tuoi punteggi nel tempo
Non hai fatto questo quiz